| 000 | 00569nam a22002057a 4500 | ||
|---|---|---|---|
| 005 | 20251108165504.0 | ||
| 008 | 250721s1992 xx 000 0 ara d | ||
| 082 | 1 | 4 | _aم/217.7/عبد |
| 100 | 1 | _aالغنيمان، عبد الله | |
| 245 | 1 | 0 | _aمختصر منهاج السنة / |
| 250 | _aط2 | ||
| 264 | 1 |
_aبرمنجهام : _bدار الأرقم، _c1992. |
|
| 300 | _a2ج | ||
| 650 | 1 | 7 | _aالإسلام |
| 650 | 1 | 7 | _aالفقه الإسلامي |
| 650 | 1 | 7 | _aفقه السنة |
| 650 | 1 | 7 | _aفقه الشيعة |
| 942 |
_2ddc _cREF |
||
| 999 |
_c29136 _d29136 |
||